00000000nam##2200000za#4500
0019.569590
003CaOODSP
00520210624181836
007cr |||||||||||
008150406|2000||||xxc|||||o    f|0| 0 eng|d
040 |aCaOODSP|beng
043 |an-cn---
0861 |aNH18-1/104-2000E-PDF
1102 |aCanada Mortgage and Housing Corporation.
24510|aHousing markets in BC resource communities : |h[electronic resource]|bcase studies from the 1980s to the 1990s / |cprepared by G. A. Pedersson and Associates.
260 |aOttawa - Ontario : |bCanada Mortgage and Housing Corporation |c2000.
300 |a191p.|bfigs., graphs, maps, references, tables
4901 |aResearch report
546 |a(Sommaire en français.)
590 |a12-27-Supp|b2012-06-12
830#0|aResearch report (Canada Mortgage and Housing Corporation : Online)|w(CaOODSP)9.506068
85640|ahttp://publications.gc.ca|qPDF|s11 MB|uhttps://publications.gc.ca/collections/collection_2011/schl-cmhc/nh18-1/NH18-1-104-2000-eng.pdf